000 00298nam a2200145Ia 4500
100 _aHoward.
942 _cBK
654 _aFoundry Practice
245 _aModern Foundry Practice
260 _bOdhams Press
_aLondon
082 _a671.2
_bHOW
300 _a384
546 _aENGLISH
999 _c23285
_d23285